Les 47 pays décadents selon Moscou - Statistiques

Statistiques générales
  • Ce quiz a été pris 91 fois
  • Le résultat moyen est 34 sur 47
Statistiques - réponses
Pays décadents % Correct
États-Unis
97%
France
97%
Suède
92%
Allemagne
91%
Canada
91%
Finlande
91%
Espagne
90%
Pologne
90%
Norvège
89%
Italie
86%
Portugal
85%
Suisse
84%
Albanie
82%
Autriche
82%
Pays-Bas
82%
Danemark
81%
Ukraine
81%
Estonie
80%
Irlande
80%
Belgique
78%
Grèce
78%
Japon
78%
Croatie
77%
Lettonie
77%
Lituanie
77%
Luxembourg
76%
Royaume-Uni
76%
Tchéquie
76%
Andorre
75%
Corée du Sud
75%
Slovénie
75%
Australie
73%
Roumanie
70%
Bulgarie
68%
Monaco
68%
Liechtenstein
67%
Nouvelle-Zélande
67%
Monténégro
66%
Islande
65%
Saint-Marin
63%
Macédoine du Nord
62%
Malte
62%
Chypre
54%
Taïwan
34%
Singapour
25%
Bahamas
18%
Micronésie
4%
Aucun quiz correspondant
Distribution des résultats
% des personnes avec chaque résultat
Percentile par nombre de réponses
Votre historique - résultats
Vous n’avez pas pris ce quiz